000 01314pab a2200205 454500
008 180718b2007 xxu||||| |||| 00| 0 eng d
100 _aVerhoest, Koen
245 _aJanus-faced reorganization: specialization and coordination in four OECD countries in the period 1980-2005
260 _c2007
300 _ap.325-48.
362 _aSep
520 _aIt is believed that the New Public Management (NPM) doctrine resulted in a disaggregation and a suboptimal fragmentation of government in the 1980s and 1990s, which called for a re-strengthening of the coordination capacity through renewed hierarchy-type mechanisms, market-type mechanisms and network-type mechanisms. In order to assess the validity of this assumption, this article identifies the trajectory of specialization and coordination in four countries (New Zealand, United Kingdom, Sweden, France). The results support the assumption, although different trajectories are discernible. Also, the results point to the renewed emphasis on coordination based on hierarchy, along with markets and networks. - Reproduced.
650 _aPublic administration
650 _aAdministrative reform
700 _aPeters, B. Guy
700 _aBouckaert, Geert
773 _aInternational Review of Administrative Sciences
908 _aN
909 _a76290
999 _c76290
_d76290